Research reports in clinical cardiology

Detalles Bibliográficos
Formato: Electrónico Revista
Lenguaje:inglés
Publicado: [Auckland, NZ] : Dove Medical Press
Materias:
Acceso en línea:Full text available from Research Library: 01/01/2010 to present

MARC

LEADER 00000nas a2200000 a 4500
001 ssj0000608057
003 WaSeSS
005 20200512172242.0
006 m d
007 cr n
008 110323c20109999nz x p s 0 a0eng c
010 |a  2012247795 
016 7 |a 2616894-7  |2 DE-600 
022 |a 1179-8475  |l 1179-8475 
035 |a (WaSeSS)ssj0000608057 
040 |a HUA  |b eng  |c HUA  |d HEBIS  |d CUD  |d OCLCQ  |d PFM  |d OCLCO  |d OCLCF  |d CUS  |d OCLCO  |d EUW  |d OCLCO  |d OCLCQ  |d OCLCO  |d OCLCQ  |d UAB  |d LIP  |d OCLCO  |d XFH  |d WT2  |d WY@  |d OCLCQ  |d OCLCO  |d CRU  |d MOW  |d OCLCQ  |d AU@  |d OCLCO  |d WYU  |d VT2  |d OCLCQ  |d OCLCO  |d CNMTR  |d OCLCQ  |d OCLCA  |d WaSeSS 
042 |a pcc 
050 4 |a RC681.A1 
082 0 4 |a 616.12  |b R432 
210 1 |a Res. rep. clin. cardiol. 
222 0 |a Research reports in clinical cardiology 
245 0 0 |a Research reports in clinical cardiology  |h [electronic resource]. 
260 |a [Auckland, NZ] :  |b Dove Medical Press 
310 |a Irregular 
362 1 |a Began with vol. 1 (2010). 
506 |a License restrictions may limit access. 
515 |a Articles added irregularly during the year and collected into annual issues. 
588 0 |a Vol. 1 (2010); title from title information screen (viewed Nov 22, 2010). 
588 1 |a Vol. 3:49-55(27 Sept. 2012) (publisher's Web site, viewed Nov. 29, 2012). 
650 0 |a Cardiology  |v Periodicals. 
650 0 |a Heart  |x Diseases  |v Periodicals. 
650 2 |a Cardiovascular Diseases. 
650 7 |a Cardiology.  |2 fast  |0 (OCoLC)fst00847121 
650 7 |a Heart  |x Diseases.  |2 fast  |0 (OCoLC)fst00953527 
655 0 |a Electronic journals. 
856 4 0 |z Full text available from Research Library: 01/01/2010 to present  |u https://search.proquest.com/publication/3933279